Nazwy urzędowe krajów świata #1 - Europa - Statystyki

Ogólne statystyki
  • Ten quiz został rozwiązany 101 razy
  • Średni wynik to 24 z 40
Statystyki odpowiedzi
Państwo Nazwa urzędowa % Poprawnych
Polska Rzeczpospolita Polska
93%
Czechy Republika Czeska
80%
Litwa Republika Litewska
70%
Dania Królestwo Danii
66%
Monako Księstwo Monako
66%
Łotwa Republika Łotewska
66%
Albania Republika Albanii
65%
Austria Republika Austrii
65%
Chorwacja Republika Chorwacji
65%
Finlandia Republika Finlandii
65%
Francja Republika Francuska
65%
Grecja Republika Grecka
65%
Rosja Federacja Rosyjska
64%
Białoruś Republika Białorusi
64%
Bułgaria Republika Bułgarii
64%
Czarnogóra Republika Czarnogóry
64%
Islandia Republika Islandii
64%
Hiszpania Królestwo Hiszpanii
63%
Węgry Republika Węgierska
63%
Belgia Królestwo Belgii
62%
Estonia Republika Estońska
62%
Macedonia Republika Macedonii
62%
Malta Republika Malty
62%
Mołdawia Republika Mołdawii
62%
Norwegia Królestwo Norwegii
61%
Szwecja Królestwo Szwecji
61%
Serbia Republika Serbii
61%
Słowacja Republika Słowacka
61%
Niemcy Republika Federalna Niemiec
60%
Słowenia Republika Słowenii
60%
Andora Księstwo Andory
57%
Włochy Republika Włoska
57%
Portugalia Republika Portugalska
53%
Liechtenstein Księstwo Liechtensteinu
49%
San Marino Republika San Marino
49%
Holandia Królestwo Niderlandów
48%
Wielka Brytania Zjednoczone Królestwo Wielkiej Brytanii i Irlandii Północnej
40%
Watykan Stolica Apostolska
33%
Luksemburg Wielkie Księstwo Luksemburga
28%
Szwajcaria Konfederacja Szwajcarska
27%
Nie znaleziono quizów pasujących do podanych kryteriów
Rozkład punktacji
Procent ludzi z każdym wynikiem
Percentyl według liczby udzielonych odpowiedzi
Twoja historia wyników
Nie rozwiązałeś tego quizu